000 00640cam a22002175 4500
001 L140431
008 070921s1896 xxk eng u
035 _a(Sirsi) u140431
041 0 _aeng
100 1 _aWaterhouse, A.
245 0 4 _aThe Surveyors' institution
_b[elevations and sections]
_h[manuscript]
255 _aScale 1:96
260 _c1896
300 _a1 sheet
_bcopy
_c51 x 74 cm.
340 _aCopy
351 _cSingle item
500 _aA copy of a drawing signed 'A. Waterhouse, 17 August 1896', showing elevations and sections of 12 Great George Street.
651 4 _aLondon
690 _aABOUT RICS
942 _n0
999 _c116320
_d116320